[Event "Titled Tue 27th May Late"]
[Site "chess.com INT"]
[Date "2025.05.27"]
[Round "3"]
[White "Haydon, David L"]
[Black "Aadit, Bhatia"]
[Result "0-1"]
[WhiteTitle "FM"]
[WhiteElo "2275"]
[BlackElo "2122"]
[WhiteFideId "415405"]
[BlackFideId "25088955"]
[EventDate "2025.05.27"]

1. e4 e5 2. Nf3 Nc6 3. Bb5 a6 4. Ba4 Nf6 5. d3 b5 6. Bb3 Bc5 7. O-O d6 8. a4 Rb8
9. axb5 axb5 10. h3 h6 11. Be3 Bxe3 12. fxe3 O-O 13. Nc3 Be6 14. Bxe6 fxe6 15.
Qe1 Qe7 16. Ne2 d5 17. Qc3 Qd6 18. Ng3 b4 19. Qb3 Qc5 20. Rfe1 Ne8 21. exd5 exd5
22. Ne4 Qb5 23. d4 Kh8 24. Nc5 e4 25. Nd2 Nd6 26. Qxd5 Rf5 27. Qe6 Rf6 28. Qg4
Re8 29. b3 Kh7 30. Rf1 Rg6 31. Qh5 Rg5 32. Qh4 Qe2 33. Qf2 Qh5 34. Kh2 Nxd4 35.
Ncxe4 Nxe4 36. Nxe4 Rxe4 37. exd4 Re2 38. Qg1 Qh4 39. Rf3 Rxc2 40. Raf1 Qe4 41.
R1f2 Rc3 42. Qd1 Rxf3 43. Rxf3 c6 44. Qd2 Rd5 45. Rf4 Qe7 46. Qd3+ Kg8 47. Re4
Qd6+ 48. Kg1 Rg5 49. Re8+ Kf7 50. Qe4 Qd5 51. Re7+ Kf8 52. Re8+ Kf7 53. Qe7+ Kg6
54. Qe6+ Kh7 55. Qxd5 Rxd5 56. Re4 Kg6 57. Kf2 Kf5 58. Kf3 Ra5 59. g4+ Kf6 60.
Rf4+ Kg6 61. Re4 Ra3 62. Re3 Ra1 63. Re6+ Kf7 64. Rxc6 Rb1 65. Rc7+ Kf6 66. Rc6+
Kf7 67. d5 Rxb3+ 68. Kf4 Rb1 69. Rc7+ Kf6 70. d6 b3 71. d7 Ke7 72. Rb7 b2 73.
d8=Q+ Kxd8 74. Kf5 Rf1+ 75. Kg6 b1=Q+ 76. Rxb1 Rxb1 77. Kxg7 Rh1 78. Kxh6 Rxh3+
79. Kg7 Ke7 80. g5 Rg3 81. g6 Rg1 82. Kh7 Kf6 83. Kh8 Rxg6 84. Kh7 Kf7 85. Kh8
Rh6# 0-1

[Event "Titled Tue 27th May Late"]
[Site "chess.com INT"]
[Date "2025.05.27"]
[Round "3"]
[White "Sharankov, Grigory"]
[Black "Sakmak, Kutay"]
[Result "1-0"]
[WhiteTitle "CM"]
[BlackTitle "CM"]
[WhiteElo "2238"]
[BlackElo "2158"]
[WhiteFideId "4168356"]
[BlackFideId "44581939"]
[EventDate "2025.05.27"]

1. e4 e5 2. Nf3 Nc6 3. Bb5 a6 4. Ba4 Nf6 5. O-O Be7 6. d3 b5 7. Bb3 O-O 8. a4
Rb8 9. axb5 axb5 10. Nc3 d6 11. h3 Be6 12. Nd5 Qd7 13. Kh2 Ra8 14. Be3 Rxa1 15.
Qxa1 Bxd5 16. exd5 Nb4 17. Bd2 Nbxd5 18. Qa7 Nb6 19. Qb7 Qc8 20. Qc6 Qd7 21. Qb7
Na4 22. Ba5 c5 23. Qxd7 Nxd7 24. Rb1 Ra8 25. Bd2 Ndb6 26. c3 c4 27. Bc2 Nc5 28.
d4 exd4 29. Nxd4 Ra5 30. b4 cxb3 31. Nxb3 Nxb3 32. Bxb3 Nc4 33. Bxc4 bxc4 34.
Rb8+ Bf8 35. Bg5 Rd5 36. Be7 h6 37. Bxf8 Kh7 38. Be7 Rd3 39. Rd8 d5 40. Bb4 Kg6
41. f3 h5 42. Kg3 Kg5 43. h4+ Kg6 44. Kf2 Rd2+ 45. Kg3 Rd3 46. Rd6+ f6 47. Kf2
Kf5 48. Ke2 g5 49. hxg5 fxg5 50. Rd8 g4 51. Rf8+ Kg5 52. f4+ Kh4 53. Rh8 Kg3 54.
f5 h4 55. f6 h3 56. gxh3 gxh3 57. f7 Rf3 58. Rg8+ Kf4 59. f8=Q+ Ke4 60. Qxf3+
Ke5 61. Qe3+ Kf5 62. Qxh3+ Ke5 63. Qe3+ Kf5 64. Qd4 Ke6 65. Rg6+ Kf5 66. Rd6 Kg5
67. Qe5+ Kg4 68. Rg6+ Kh3 69. Qg3# 1-0

[Event "Titled Tue 27th May Late"]
[Site "chess.com INT"]
[Date "2025.05.27"]
[Round "3"]
[White "Szpar, Milosz"]
[Black "Xiong, Jeffery"]
[Result "1/2-1/2"]
[WhiteTitle "IM"]
[BlackTitle "GM"]
[WhiteElo "2475"]
[BlackElo "2636"]
[WhiteFideId "1184989"]
[BlackFideId "2047640"]
[EventDate "2025.05.27"]

1. e4 e5 2. Nf3 Nc6 3. Bb5 Nf6 4. O-O Nxe4 5. Re1 Nd6 6. Nxe5 Be7 7. Bf1 Nf5 8.
Nf3 d5 9. d4 O-O 10. c3 Bd6 11. Bd3 Re8 12. Rxe8+ Qxe8 13. Nbd2 Bd7 14. Nf1 f6
15. Ng3 Nce7 16. Qc2 g6 17. Bd2 Qf7 18. Re1 Re8 19. Qc1 Nxg3 20. hxg3 Bf5 21.
Bxf5 Nxf5 22. g4 Rxe1+ 23. Nxe1 Ng7 24. Bf4 Bf8 25. g5 Ne6 26. gxf6 Qxf6 27. Be5
Qf5 28. Qc2 Qg4 29. Qd3 Bh6 30. Qf3 Qxf3 31. Nxf3 Bc1 32. b3 b5 33. Kf1 Bb2 34.
c4 bxc4 35. bxc4 dxc4 36. Ke2 Bc3 37. Ke3 c6 38. Ke4 Bb2 39. d5 Nc5+ 40. Ke3
Bxe5 41. Nxe5 cxd5 42. Kd4 Nd3 43. Nc6 a6 44. Ne7+ Kf7 45. Nxd5 Nxf2 46. Nb4 a5
47. Nc6 a4 48. Kxc4 Ke6 49. Kb4 Kd5 50. Ne7+ Kd6 51. Nc8+ Kc7 52. Ne7 Nd3+ 53.
Kxa4 Nf4 54. g4 Kd7 55. Ng8 Ke6 56. Kb5 h5 57. gxh5 gxh5 58. a4 h4 59. Nh6 Nd5
60. Ng4 Nc3+ 61. Kb4 Nxa4 62. Kxa4 Kf5 63. Nf2 Kf4 64. Kb4 Kg3 65. Ne4+ Kg4 66.
Nf2+ Kf3 67. Nh3 Kg2 68. Ng5 Kg3 69. Kc3 Kf4 70. Nh3+ Kf3 71. Kd3 Kg2 72. Ng5
Kg3 73. Ke2 Kg4 74. Kf2 Kxg5 75. Kg2 h3+ 76. Kxh3 1/2-1/2

[Event "Titled Tue 27th May Late"]
[Site "chess.com INT"]
[Date "2025.05.27"]
[Round "3"]
[White "Goltsev, Dmitry"]
[Black "Noroozi, Omid"]
[Result "1/2-1/2"]
[WhiteTitle "FM"]
[BlackTitle "IM"]
[WhiteElo "2183"]
[BlackElo "2266"]
[WhiteFideId "24176710"]
[BlackFideId "12501190"]
[EventDate "2025.05.27"]

1. e4 c5 2. Nf3 d6 3. d4 cxd4 4. Nxd4 Nf6 5. Nc3 a6 6. Be2 e5 7. Nf5 d5 8. Bg5
d4 9. Bxf6 Qxf6 10. Nd5 Qd8 11. Bf3 Nc6 12. c3 g6 13. Ng3 Bg7 14. O-O O-O 15.
Qb3 Rb8 16. Rfd1 Be6 17. Ne2 h5 18. cxd4 Nxd4 19. Nxd4 exd4 20. Rac1 h4 21. Qb4
Bxd5 22. exd5 Qg5 23. d6 Rfd8 24. Rc7 Be5 25. Bd5 Bxh2+ 26. Kxh2 Qxd5 27. Rxd4
Qe5+ 28. f4 Qe3 29. Rc3 Qe6 30. Rcd3 Qf6 31. Re4 a5 32. Qb6 Rd7 33. Red4 Rbd8
34. Qa7 Kg7 35. Qc5 h3 36. gxh3 Re8 37. Rd2 Re6 38. Qc3 b6 39. Rd5 Re4 40. Qxf6+
Kxf6 41. Kg3 Ke6 42. Kf3 f5 43. b3 Rb4 44. R5d3 b5 45. Re3+ Kf6 46. Re5 a4 47.
bxa4 bxa4 48. h4 Rb6 49. Red5 a3 50. R2d3 Ke6 51. Ke3 Rb2 52. Re5+ Kf6 53. Rxa3
Rxd6 54. Rea5 Rh2 55. Ra6 Rxa6 56. Rxa6+ Kg7 57. a4 Rxh4 58. a5 Rh3+ 59. Kd4 Ra3
60. Ra7+ Kf6 61. Ra6+ Kg7 62. Kd5 Ra4 63. Ra7+ Kf6 64. Ra6+ Kg7 65. Ra7+ Kf6 66.
Ra6+ Kg7 1/2-1/2

[Event "Titled Tue 27th May Late"]
[Site "chess.com INT"]
[Date "2025.05.27"]
[Round "3"]
[White "Schulz, Michael1"]
[Black "Nikhil, M"]
[Result "1-0"]
[WhiteTitle "FM"]
[BlackTitle "CM"]
[WhiteElo "2069"]
[BlackElo "2261"]
[WhiteFideId "4616731"]
[BlackFideId "35015966"]
[EventDate "2025.05.27"]

1. d4 d5 2. Bg5 h6 3. Bh4 g5 4. Bg3 Bg7 5. e3 c5 6. h4 g4 7. Nc3 cxd4 8. exd4
Bf5 9. Bb5+ Nc6 10. Nge2 Nf6 11. Be5 O-O 12. Bxc6 bxc6 13. Ng3 Bd7 14. Qd2 Qb6
15. Bxf6 Bxf6 16. O-O Qxd4 17. Qxh6 Bg7 18. Qg5 Qf6 19. Rfe1 Qxg5 20. hxg5 e6
21. Na4 Rfc8 22. Nc5 Be8 23. c3 a5 24. g6 e5 25. gxf7+ Kxf7 26. Nf5 Bf8 27. Nd3
e4 28. Nf4 Bd7 29. Ne3 Bd6 30. Ne2 Rab8 31. b3 Be5 32. g3 a4 33. b4 Be6 34. a3
c5 35. Rad1 cxb4 36. cxb4 Bb2 37. Nxd5 Bxa3 38. Nef4 Bxd5 39. Rxd5 Rc1 40. Rxc1
Bxc1 41. b5 a3 42. Rd7+ Kf6 43. b6 Bxf4 44. gxf4 Rxb6 45. Ra7 Rb3 46. Ra5 e3 47.
fxe3 Rxe3 48. Kg2 Rf3 49. f5 Ke7 50. Ra4 Rb3 51. Rxg4 Kf6 52. Rf4 a2 53. Ra4
Rb2+ 54. Kf3 Kxf5 55. Ra5+ Ke6 56. Ke4 Kd6 57. Kd4 Kc6 58. Kc3 Rh2 59. Kb3 Rh5
60. Rxa2 1-0

[Event "Titled Tue 27th May Late"]
[Site "chess.com INT"]
[Date "2025.05.27"]
[Round "3"]
[White "Steinberg, Nitzan"]
[Black "Iskusnyh, Sergei"]
[Result "1-0"]
[WhiteTitle "GM"]
[BlackTitle "GM"]
[WhiteElo "2554"]
[BlackElo "2440"]
[WhiteFideId "2801795"]
[BlackFideId "4120027"]
[EventDate "2025.05.27"]

1. e4 e6 2. d3 c5 3. Nf3 Nc6 4. g3 g6 5. Bg2 Bg7 6. O-O d6 7. Re1 Nge7 8. h4 h6
9. c3 e5 10. a3 O-O 11. b4 Be6 12. Bb2 Qc7 13. d4 exd4 14. cxd4 Bg4 15. Nbd2
Nxd4 16. Qb1 Nxf3+ 17. Nxf3 Bxf3 18. Bxf3 Nc6 19. Bxg7 Kxg7 20. Qb2+ Nd4 21.
Rad1 Qe7 22. Bg2 Rad8 23. f4 b6 24. Kh1 h5 25. Rd3 Kh7 26. Qd2 Rfe8 27. Rde3 Qf6
28. Qd1 Qg7 29. Qd2 Re7 30. e5 dxe5 31. Rxe5 Rxe5 32. Rxe5 Qf6 33. Qd3 Nf5 34.
Bd5 cxb4 35. axb4 a5 36. bxa5 bxa5 37. Kh2 a4 38. Qc4 Qb6 39. Qc2 Rc8 40. Qxc8
Qf2+ 41. Bg2 Qxg3+ 42. Kh1 Nxh4 43. Qh3 Qf2 44. Re7 Nf5 45. Rxf7+ Kh6 46. Rxf5
gxf5 47. Qxf5 Qe1+ 48. Kh2 Qh4+ 49. Kg1 Qe1+ 50. Bf1 Qg3+ 51. Kh1 Qh4+ 52. Kg2
a3 53. Qe6+ Kg7 54. Qe5+ Qf6 55. Qc7+ Kh6 56. Bd3 Qg7+ 57. Qxg7+ Kxg7 58. Bb1
Kf6 59. Kg3 a2 60. Bxa2 Kf5 61. Bb1+ 1-0

[Event "Titled Tue 27th May Late"]
[Site "chess.com INT"]
[Date "2025.05.27"]
[Round "3"]
[White "Paval, George"]
[Black "Duarte Cramer, Lily Jeanette"]
[Result "0-1"]
[BlackTitle "WCM"]
[WhiteElo "2139"]
[BlackElo "1828"]
[WhiteFideId "1214233"]
[BlackFideId "29620180"]
[EventDate "2025.05.27"]

1. Nf3 d5 2. b3 Bf5 3. Bb2 e6 4. e3 h6 5. Be2 Nf6 6. O-O Be7 7. d3 O-O 8. c4 c6
9. Nbd2 Nbd7 10. Qc2 Nc5 11. Ne5 Bd6 12. Ndf3 Ncd7 13. a3 Nxe5 14. Nxe5 Qc7 15.
Nf3 Nd7 16. h3 Rac8 17. Rac1 dxc4 18. Qxc4 Nb6 19. Qc3 f6 20. Nd4 Be5 21. Qc2
Bxd4 22. Bxd4 e5 23. Bb2 Rfd8 24. Rfd1 Be6 25. d4 exd4 26. Bxd4 Bf7 27. b4 a6
28. Qf5 Nd5 29. Bd3 g6 30. Qf3 Kg7 31. Bc4 Rd6 32. Bc5 Rdd8 33. Rd2 Ne7 34. Bd4
Nf5 35. Bxf7 Kxf7 36. Rcd1 Nxd4 37. Rxd4 Rxd4 38. Rxd4 Rd8 39. Qd1 Rxd4 40. Qxd4
Qe7 41. Qb6 Kg7 42. a4 g5 43. b5 cxb5 44. axb5 axb5 45. Qxb5 Qc7 46. g3 Qc6 47.
Qb4 Qc1+ 48. Kh2 Qc6 49. Qe7+ Kg6 50. g4 Qd5 51. Qe8+ Kg7 52. Qe7+ Kg6 53. e4
Qe5+ 54. Qxe5 fxe5 55. Kg2 b5 56. Kf1 Kf6 57. Ke2 Ke6 58. Kd3 Kd6 59. Kc3 Kc5
60. f3 b4+ 61. Kb3 Kd4 62. Kxb4 Ke3 63. Kc5 Kxf3 64. Kd5 Kf4 65. h4 gxh4 66. g5
hxg5 0-1

[Event "Titled Tue 27th May Late"]
[Site "chess.com INT"]
[Date "2025.05.27"]
[Round "3"]
[White "Dambaev, Dashi"]
[Black "Piddubna, Bozhena"]
[Result "1/2-1/2"]
[WhiteTitle "CM"]
[BlackTitle "WFM"]
[WhiteElo "2211"]
[BlackElo "2174"]
[WhiteFideId "55628494"]
[BlackFideId "34109293"]
[EventDate "2025.05.27"]

1. e4 e5 2. Nf3 Nc6 3. Bc4 Nf6 4. d3 Be7 5. O-O O-O 6. h3 d6 7. a4 Be6 8. Nbd2
Qd7 9. a5 a6 10. c3 Rae8 11. Re1 Bd8 12. b4 Kh8 13. Qb3 Nh5 14. Nf1 Bxc4 15.
Qxc4 f5 16. exf5 Qxf5 17. Ne3 Qg6 18. Qe4 Qxe4 19. dxe4 Nf4 20. Nd5 Nxh3+ 21.
Kh2 Nxf2 22. Ra2 Nd3 23. Rd1 Nxc1 24. Rxc1 Ne7 25. Ne3 c6 26. Rd2 Bc7 27. Ng5
Ng6 28. Nf5 h6 29. Nxd6 hxg5 30. Nxe8 Rxe8 31. Rd7 Rc8 32. Rf1 Nf4 33. g3 Ne6
34. Rff7 Rd8 35. Rde7 Rd6 36. Rxe6 Rxe6 37. Rxc7 Rd6 38. Rxb7 Rd3 39. Rb6 Rxc3
40. Rxa6 Rc4 41. Ra8+ Kh7 42. Rc8 Rxb4 43. Rxc6 Rxe4 44. a6 Ra4 45. Re6 e4 46.
a7 Rxa7 47. Rxe4 Kg6 48. g4 Ra3 49. Kg2 Kf6 50. Kf2 Ra2+ 51. Kf3 Ra3+ 52. Kf2
Ra5 53. Kf3 Re5 54. Ra4 Rd5 55. Ra6+ Ke5 56. Rg6 Rd3+ 57. Ke2 Rd7 58. Rxg5+ Kf4
59. Rg6 Re7+ 60. Kf2 Ra7 61. Kg2 Ra2+ 62. Kh3 Ra3+ 63. Kh4 Ra1 64. Kh3 Rh1+ 65.
Kg2 Rh7 66. Kf2 Rh2+ 67. Kg1 Rh7 68. Kf2 Rh2+ 69. Kg1 Rh7 70. Kf2 1/2-1/2

[Event "Titled Tue 27th May Late"]
[Site "chess.com INT"]
[Date "2025.05.27"]
[Round "3"]
[White "Demchenko, Anton"]
[Black "Mendez Machado, Andre"]
[Result "1-0"]
[WhiteTitle "GM"]
[BlackTitle "FM"]
[WhiteElo "2619"]
[BlackElo "2189"]
[WhiteFideId "4160258"]
[BlackFideId "6603793"]
[EventDate "2025.05.27"]

1. e4 e5 2. Nf3 Nc6 3. Bb5 a6 4. Ba4 Nf6 5. d3 b5 6. Bb3 Be7 7. a4 Bb7 8. O-O
O-O 9. Bd2 d5 10. exd5 Nxd5 11. Re1 Nf6 12. Nxe5 Nxe5 13. Rxe5 Bd6 14. Rg5 h6
15. Rf5 Qd7 16. Rxf6 gxf6 17. Nc3 Qf5 18. Ne2 Qg4 19. Ng3 Qxd1+ 20. Rxd1 Bxg3
21. hxg3 Kg7 22. Be3 Rfe8 23. Kf1 Kg6 24. Ra1 h5 25. c3 Rh8 26. f3 h4 27. gxh4
Rxh4 28. Kf2 Rd8 29. Bc2 Kg7 30. axb5 axb5 31. Ra7 Rb8 32. b4 Rhh8 33. Bf4 Rhc8
34. Bb3 Bc6 35. Ra6 Be8 36. Bd5 Rb6 37. Ra1 c6 38. Bb3 Rb7 39. Be3 Bd7 40. Bc5
Be6 41. Bc2 f5 42. Ke3 f6 43. Kf4 Kf7 44. Rh1 Rg8 45. g3 Rg7 46. Rh6 Kg8 47. d4
Rbf7 48. Rh1 Rh7 49. Ra1 Rhg7 50. Bd3 Kh7 51. g4 Kg8 52. gxf5 Bd5 53. Be4 Rg5
54. Ra6 Bxe4 55. fxe4 Rh5 56. Rxc6 Rh4+ 57. Ke3 Rh3+ 58. Kd2 Rg7 59. Kc2 Rg2+
60. Kb3 Rh1 61. Bd6 Rb1+ 62. Ka3 Ra1+ 63. Kb3 Raa2 64. c4 Rgb2+ 65. Kc3 Rc2+ 66.
Kd3 Rd2+ 67. Ke3 Re2+ 68. Kf3 Rf2+ 69. Kg4 Rg2+ 70. Kh5 Rg5+ 71. Kh6 Ra3 72.
Rc8+ Kf7 73. Rf8# 1-0

[Event "Titled Tue 27th May Late"]
[Site "chess.com INT"]
[Date "2025.05.27"]
[Round "3"]
[White "Yang, Daniel"]
[Black "Mizzi, Jack"]
[Result "0-1"]
[WhiteTitle "CM"]
[BlackTitle "CM"]
[WhiteElo "2213"]
[BlackElo "2086"]
[WhiteFideId "30976340"]
[BlackFideId "5602521"]
[EventDate "2025.05.27"]

1. Nf3 d5 2. g3 Bg4 3. Bg2 Bxf3 4. Bxf3 Nf6 5. d4 e6 6. O-O c5 7. c4 cxd4 8.
cxd5 Nxd5 9. Qxd4 Nc6 10. Qa4 Qb6 11. Rd1 Bc5 12. e3 Rd8 13. Nc3 Nxc3 14. Rxd8+
Kxd8 15. bxc3 Kc7 16. Qf4+ e5 17. Qxf7+ Kb8 18. Be4 Rd8 19. Qxg7 Qb5 20. Bc2 Qe2
21. Rb1 b6 22. Qxh7 Rf8 23. f4 exf4 24. gxf4 Rxf4 25. Qg8+ Rf8 26. Qg3+ Ka8 27.
Bb2 Bxe3+ 28. Kh1 Qxc2 29. Re1 Qe4+ 30. Qg2 Qxg2+ 31. Kxg2 Rf2+ 32. Kg3 Rxb2 33.
Rxe3 Rxa2 34. h4 Ra5 35. Kg4 Ne5+ 36. Kf4 Ng6+ 37. Kg4 Kb7 38. h5 Nf8 39. Re7+
Ka6 40. Rf7 Ne6 41. h6 Rg5+ 42. Kh4 Rg1 43. h7 Rh1+ 44. Kg4 Nc5 45. Kf5 Na4 46.
Kg6 Nxc3 47. Kg7 Rg1+ 48. Kf8 Rh1 49. Kg8 b5 50. Rg7 Rxh7 51. Rxh7 b4 52. Rh6+
Kb5 53. Rh5+ Kc4 54. Kf7 a5 55. Rh4+ Kb3 56. Ke6 a4 57. Ke5 a3 58. Kd4 a2 59.
Rh1 Nb1 60. Rh3+ Kb2 61. Rh2+ Ka3 62. Rh3+ b3 63. Kc4 a1=Q 64. Rxb3+ Ka4 65.
Rb4+ Ka5 66. Rb5+ Ka6 67. Rb4 Qc3+ 68. Kd5 Qxb4 69. Kc6 Qc4+ 70. Kd7 Nc3 71. Ke7
Qd5 72. Kf8 Qe6 73. Kg7 Qf5 74. Kh8 Qg4 75. Kh7 Nd5 76. Kh6 Kb6 77. Kh7 0-1

[Event "Titled Tue 27th May Late"]
[Site "chess.com INT"]
[Date "2025.05.27"]
[Round "3"]
[White "Wuebker, Paul-Luca"]
[Black "Brown, Akeem"]
[Result "1-0"]
[WhiteTitle "CM"]
[BlackTitle "CM"]
[WhiteElo "2244"]
[BlackElo "2055"]
[WhiteFideId "12939528"]
[BlackFideId "7402023"]
[EventDate "2025.05.27"]

1. e4 e5 2. Nf3 Nf6 3. Nxe5 d6 4. Nf3 Nxe4 5. d3 Nf6 6. d4 d5 7. Bd3 Bd6 8. O-O
O-O 9. Bg5 Bg4 10. Nbd2 Nbd7 11. Re1 c6 12. Qe2 Qc7 13. Qf1 h6 14. Bh4 Rfe8 15.
Bg3 Nh5 16. Rxe8+ Rxe8 17. Re1 Rxe1 18. Qxe1 Nxg3 19. Qe8+ Nf8 20. hxg3 Bd7 21.
Qe2 Bg4 22. Qe8 Qc8 23. Qe3 Bf5 24. Ne5 Bxd3 25. cxd3 Qe6 26. Kh2 h5 27. Ndf3 f6
28. Qf4 fxe5 29. dxe5 Ng6 30. Qg5 Nxe5 31. Qxh5 Nxf3+ 32. gxf3 Qf7 33. Qg4 g6
34. Kg2 a6 35. Qc8+ Kg7 36. Qd8 Be5 37. b3 Bd4 38. a4 Bc3 39. Qd6 Bf6 40. Qb4
Qd7 41. Qd2 c5 42. Qe3 Bd4 43. Qf4 b5 44. axb5 axb5 45. Qb8 Bf6 46. Qb6 Be7 47.
Qa5 Bd8 48. Qc3+ Bf6 49. Qxc5 Kf7 50. Qb6 Bc3 51. Qb8 b4 52. Qb6 Qe6 53. Qc5 Bf6
54. f4 Be7 55. Qc6 d4 56. Qf3 Qd6 57. Qe4 Qe6 58. Qxd4 Qd6 59. Qc4+ Kf6 60. f3
Kf5 61. g4+ Kf6 62. Kg3 g5 63. Qe4 Qxf4+ 64. Qxf4+ gxf4+ 65. Kxf4 Bd6+ 66. Ke4
Bf8 67. Kd5 Kg5 68. Ke4 Bg7 69. d4 Bf8 70. d5 Bd6 71. Ke3 Be5 72. Kd3 Kf4 73.
Kc4 Bd6 74. Kb5 Kxf3 75. g5 Ke4 76. Kc6 Be5 77. d6 Bf4 78. g6 1-0

[Event "Titled Tue 27th May Late"]
[Site "chess.com INT"]
[Date "2025.05.27"]
[Round "3"]
[White "Sethuraman, Roshan"]
[Black "Burmakin, Vladimir"]
[Result "0-1"]
[BlackTitle "GM"]
[WhiteElo "2074"]
[BlackElo "2435"]
[WhiteFideId "30965250"]
[BlackFideId "4105109"]
[EventDate "2025.05.27"]

1. e4 c6 2. Nf3 d5 3. Nc3 dxe4 4. Nxe4 Nf6 5. Qe2 Nxe4 6. Qxe4 Be6 7. b3 Nd7 8.
Bb2 Nf6 9. Qe3 Bf5 10. Bc4 e6 11. Nd4 Be4 12. O-O-O Bd5 13. Nf5 Bxc4 14. bxc4
Qa5 15. Nd4 O-O-O 16. Kb1 Bc5 17. Qe5 Qb6 18. Nb3 Be7 19. Bd4 Qa6 20. d3 Rhg8
21. h3 Qa4 22. Qe3 b6 23. g4 c5 24. Be5 Nd7 25. Bb2 Bf6 26. Qf3 Kc7 27. g5 Bxb2
28. Kxb2 Qc6 29. Qg3+ Qd6 30. Qxd6+ Kxd6 31. d4 Kc7 32. d5 Ne5 33. Kc3 Nf3 34.
h4 exd5 35. cxd5 Rge8 36. Rh3 Ne5 37. Rg3 g6 38. Re3 Nd7 39. Rf3 Rf8 40. Re1 Kd6
41. Rd3 Rde8 42. Rxe8 Rxe8 43. Nd2 Ne5 44. Ne4+ Kc7 45. d6+ Kc6 46. Rd1 Nd7 47.
f3 Re6 48. Ng3 Rxd6 49. Rxd6+ Kxd6 50. Ne4+ Ke5 51. Kd3 Kf4 52. Ke2 Ne5 53. Nf6
Kg3 54. h5 gxh5 55. Nxh5+ Kh4 56. Nf6 Kxg5 57. Nxh7+ Kf5 58. Nf8 Kf6 59. Nh7+
Kg6 60. Nf8+ Kg7 61. f4 Kxf8 62. fxe5 Ke7 63. Ke3 Ke6 64. Ke4 b5 65. c3 a5 66.
a3 b4 67. axb4 cxb4 68. cxb4 axb4 69. Kd4 b3 70. Kc3 Kxe5 71. Kxb3 Ke4 72. Kc3
Ke3 0-1

[Event "Titled Tue 27th May Late"]
[Site "chess.com INT"]
[Date "2025.05.27"]
[Round "3"]
[White "Svane, Rasmus"]
[Black "Liu, Jason"]
[Result "1-0"]
[WhiteTitle "GM"]
[BlackTitle "CM"]
[WhiteElo "2629"]
[BlackElo "2064"]
[WhiteFideId "4657101"]
[BlackFideId "2514656"]
[EventDate "2025.05.27"]

1. Nf3 b6 2. g3 Bb7 3. Bg2 e6 4. O-O Nf6 5. d4 g6 6. c4 Bg7 7. Re1 O-O 8. Bf4 d5
9. cxd5 exd5 10. Nc3 Ne4 11. Rc1 c5 12. Be5 Bh6 13. e3 Nd7 14. dxc5 Nxe5 15.
Nxe5 bxc5 16. Nxe4 dxe4 17. Nd7 Re8 18. Nxc5 Bd5 19. Qc2 Rc8 20. Red1 Qg5 21. b4
Bg7 22. Qa4 Bc6 23. Qxa7 Qf5 24. a4 Ra8 25. Qb6 Bxa4 26. Nxa4 Rxa4 27. Rd8 Ra8
28. Rxa8 Rxa8 29. Qc6 Ra2 30. Rf1 Rb2 31. Bxe4 Qe5 32. Bd5 Rxb4 33. Qd7 Qf6 34.
h4 Rb8 35. Kg2 Bf8 36. Bf3 Rd8 37. Qb7 Qe7 38. Qc6 Qd6 39. Qe4 Qe7 40. Qf4 Qd6
41. Qe4 Qe7 42. Qc4 Qc5 43. Qe2 Bg7 44. Rb1 Bf6 45. Rb7 Qd6 46. Qc4 Rd7 47. Rb5
Kg7 48. h5 Rc7 49. Qg4 Qd7 50. Qf4 Qxb5 51. h6+ Kf8 52. Qxc7 Qe5 53. Qd7 Qe7 54.
Qc8+ Qd8 55. Qc5+ Be7 56. Qc3 Bf6 57. Qa3+ Be7 58. Qa4 Bg5 59. Qb4+ Be7 60. Qf4
Bg5 61. Qe5 Qe7 62. Qb8+ Qe8 63. Qd6+ Qe7 64. Qd4 Bf6 65. Qg4 Qd8 66. Be4 Bg5
67. Qh3 Qe7 68. Bf3 Qd8 69. Qh1 Bf6 70. Be4 Be7 71. Qc1 Bf6 72. f4 Be7 73. Kf3
Bf6 74. g4 Qe7 75. g5 Qd7 76. gxf6 Qh3+ 77. Ke2 Qg2+ 78. Bxg2 1-0

[Event "Titled Tue 27th May Late"]
[Site "chess.com INT"]
[Date "2025.05.27"]
[Round "3"]
[White "Povshednyi, Ivan"]
[Black "Gorodetzky, David"]
[Result "1-0"]
[WhiteTitle "FM"]
[BlackTitle "IM"]
[WhiteElo "2320"]
[BlackElo "2481"]
[WhiteFideId "14190907"]
[BlackFideId "2813416"]
[EventDate "2025.05.27"]

1. d4 Nf6 2. c4 c5 3. d5 b5 4. Qc2 bxc4 5. e4 e6 6. Nc3 exd5 7. exd5 d6 8. Bxc4
Be7 9. Nf3 O-O 10. O-O Nbd7 11. Bf4 Nb6 12. b3 Rb8 13. h3 Nxc4 14. bxc4 Rb4 15.
Nd2 h6 16. a3 Rb7 17. Rab1 Re8 18. Rxb7 Bxb7 19. Rb1 Bc8 20. Nb5 Qd7 21. Nf3 a6
22. Nc3 g5 23. Bg3 Bd8 24. Re1 Rxe1+ 25. Nxe1 Ba5 26. Nf3 Qe7 27. Qd3 Nh5 28.
Qe4 Bd8 29. Qxe7 Bxe7 30. Bh2 f5 31. Nd2 f4 32. f3 Nf6 33. Kf1 Nd7 34. g3 Ne5
35. gxf4 Bxh3+ 36. Kg1 Nf7 37. Nde4 Kf8 38. fxg5 hxg5 39. Kf2 Ke8 40. Bg3 Kd7
41. Na4 Bf5 42. Nac3 Bg6 43. Ke3 Bf8 44. Ne2 Bg7 45. Kd2 Bh8 46. Nf2 Ne5 47.
Bxe5 Bxe5 48. Ng4 Bg7 49. Ke3 Bb2 50. a4 a5 51. Nf2 Bc2 52. Ne4 Bxa4 53. Nxg5
Bb3 54. Kd3 a4 55. Ne4 a3 56. Nd2 Bd1 57. Nc3 Bxc3 58. Kxc3 Ke7 59. Nb3 Bxf3 60.
Na5 Bd1 61. Nc6+ Kf6 62. Na7 Kf5 63. Nb5 Ke5 64. Na7 Ba4 65. Nc6+ Bxc6 66. dxc6
Ke6 67. Kb3 Ke7 68. Kxa3 Kd8 69. Ka4 Kc8 70. Ka5 Kc7 71. Kb5 Kc8 72. Kb6 d5 73.
cxd5 c4 74. d6 c3 75. d7+ Kd8 76. c7+ Kxd7 77. Kb7 1-0

[Event "Titled Tue 27th May Late"]
[Site "chess.com INT"]
[Date "2025.05.27"]
[Round "3"]
[White "Chernobay, Artem"]
[Black "Jagirapu, Harshin Reddy"]
[Result "1/2-1/2"]
[WhiteTitle "GM"]
[WhiteElo "2454"]
[BlackElo "2042"]
[WhiteFideId "4167406"]
[BlackFideId "39910679"]
[EventDate "2025.05.27"]

1. d4 d5 2. c4 e6 3. Nc3 c6 4. e3 Nf6 5. Nf3 Nbd7 6. b3 Bb4 7. Bd2 O-O 8. Bd3
Bd6 9. O-O e5 10. cxd5 cxd5 11. Nb5 Bb8 12. dxe5 Nxe5 13. Nxe5 Bxe5 14. Bc3
Bxh2+ 15. Kxh2 Ng4+ 16. Kg3 a6 17. Rh1 h6 18. Nd4 Qc7+ 19. Kf3 Qxc3 20. Qc2 Qa5
21. Bf5 Ne5+ 22. Ke2 Qd8 23. Rhc1 Qg5 24. Kf1 Bxf5 25. Qxf5 Qe7 26. Rc3 g6 27.
Qf4 Kg7 28. Rac1 h5 29. Rc7 Qf6 30. Rxb7 Qxf4 31. exf4 Nd3 32. Rcc7 Kg8 33. g3
Rac8 34. Ke2 Nc1+ 35. Kd2 Nxa2 36. Nc6 Rxc7 37. Rxc7 Ra8 38. Kc2 a5 39. Kb2 Nb4
40. Nxb4 axb4 41. Rb7 Re8 42. Rxb4 Re2+ 43. Ka3 Rxf2 44. Rd4 Rf3 45. Rxd5 Rxg3
46. Kb2 h4 47. b4 h3 48. Rd1 h2 49. Rh1 Rg2+ 50. Kb3 f6 51. b5 Rg3+ 52. Kc4 Rg2
53. Kc3 Kf7 54. b6 Rg3+ 55. Kc2 Rg2+ 56. Kc3 Rg1 57. Rxh2 Rc1+ 58. Kb4 Rb1+ 59.
Kc5 Rc1+ 60. Kb5 Rb1+ 61. Kc6 Rc1+ 62. Kb7 Ke6 63. Re2+ Kf5 64. Rf2 Rb1 65. Kc7
Rc1+ 66. Kb8 Ke4 67. b7 Rb1 68. Rg2 Kf5 69. Kc8 Rc1+ 70. Kd7 Rb1 71. Kc7 Rc1+
72. Kb8 Rb1 73. Rf2 Rb4 74. Rc2 Kxf4 75. Kc8 Kf3 76. Rc3+ Kf4 77. b8=Q+ Rxb8+
78. Kxb8 f5 79. Kc7 g5 80. Kd6 g4 81. Kd5 g3 82. Rc2 Kf3 83. Kd4 g2 84. Rxg2
Kxg2 85. Ke5 Kf3 86. Kxf5 1/2-1/2